000 00858cam a22002295a 4500
005 20180516145320.0
008 140107t2014 sz a frb 001 0 eng d
020 _a9783319042169
040 _aUKMGB
_beng
_cUKMGB
_dYDXCP
_dCDX
_dBTCTA
_dIXA
_dOCLCQ
_dOCLCF
_dDLC
_dEG-ScBUE
082 0 4 _a005.1
_222
_bSOF
245 0 0 _aSoftware engineering education for a global E-service economy :
_bstate of the art, trends and developments /
_ceditors Gianmario Motta, Bing Wu.
260 _aCham :
_bSpringer,
_cc.2014.
300 _axv, 162 p. :
_bill. ;
_c25 cm.
490 0 _aProgress in IS,
_x2196-8705.
504 _aIncludes bibliographical references.
650 7 _aSoftware engineering
_xStudy and teaching.
_2BUEsh
651 _2BUEsh
653 _bCOMSCI
_cApril2018
_cMay2018
700 1 _aMotta, Gianmario,
_eeditor.
700 1 _aWu, Bing,
_eeditor.
942 _2ddc
999 _c26555
_d26527